| 000 | 009190000a22002170004500 | ||
|---|---|---|---|
| 020 | _a978-958-704-965-7 | ||
| 041 | 0 | _aSPA | |
| 082 | 0 | 4 | _aG 410 L5974s |
| 110 | 1 | _aInstituto Cervantes | |
| 245 | 1 | 0 | _aSaber Leer / Instituto Cervantes , coordinado por Giovanni Parodi |
| 260 | _aBuenos Aires : Alfaguara | ||
| 300 | _a223 página | ||
| 501 | _arústico | ||
| 505 | 0 | 0 | _aIntroducción -- ¿Qué es saber leer? -- El texto escrito como objeto de la lectura: características, conocimientos implicados y estrategias asociadas -- Estrategias que nos ayudan a comprender lo que leemos -- Leer y aprender apatir de los textos escritos -- Leer en la universidad y en el mundo profesional |
| 650 | 1 | 4 | _aLECTURA \ COMUNICACION ORAL \ PALABRA (LINGUISTICA) \ LINGUISTICA |
| 001 | 18429 | ||
| 942 | _cBK | ||
| 999 |
_c44865 _d44865 |
||
| 336 |
_atexto _btxt _2rdacontent |
||
| 337 |
_2rdamedia _asin mediación _bn |
||
| 338 |
_2rdacarrier _avolumen _bnc |
||